| 000 | 00851nam a22002057a 4500 | ||
|---|---|---|---|
| 003 | 0 | ||
| 005 | 20160609165301.0 | ||
| 008 | 100118t xxu||||| |||| 00| 0 eng d | ||
| 037 |
_aM15463 _bBIBLIO |
||
| 040 |
_aBUAC _bF _cBEPAC |
||
| 082 | _a26.ABM/ABI | ||
| 100 |
_a Abiosse, Razaack A. O. _92884 |
||
| 245 | _aDéterminants parentaux de la décision, de l'adoption et des pratiques de coartémothérapie sur le paludisme et efficacité du Coartem chez les enfants fébriles au Bénin: cas des parents d'enfants de moins de cinq ans fébriles de l'Arrondissement d'Adoukandji Lalo (Bénin) | ||
| 260 |
_aEPAC-UAC _bEPAC-UAC _c2006-2007 |
||
| 300 |
_aI-105p _c29cm |
||
| 500 | _aMem Ecole Polytechnique d'Abomey- Calavi 2008 | ||
| 650 |
_aEFFICACITE COARTEMOTHERAPIE PALUDISME _92885 |
||
| 700 |
_aGanhoutode , Dominique _911399 |
||
| 942 | _cTHE | ||
| 999 |
_c46747 _d46747 |
||